000 00306nam a2200133Ia 4500
008 220216s9999 xx 000 0 und d
100 _aKanwar Onkar S
245 0 _aIndian tyre exports
260 _bWheels of India
_c1999
300 _a10-Jul
650 _aIndia
650 _aTyre exports
942 _cJS
999 _c61107
_d61107